| 000 | 01581cab a2200277 4500 | ||
|---|---|---|---|
| 001 | ABS58877 | ||
| 008 | 090401t1998 xxu||||| |||| 00| 0 eng d | ||
| 035 | _a(Sirsi) u86941 | ||
| 041 | _aeng | ||
| 245 | _aShewu and others v Hackney LBC | ||
| 260 | _c1998 | ||
| 350 | _a0 | ||
| 490 |
_aRVR _v(1998) RVR 83-85(3) |
||
| 520 | _aLT 27 March 1998. S held a freehold interest in a house subject to a mortgage from LB Richmond, with substantial mortgage arrears. The property was made subject to a compulsory purchase order on 30 August 1985 and H took possession on 22 November 1996. H referred the matter of compensation to tribunal on 30 June 1994. The parties agreed the market value at £85,000 on 22 November 1996. The compensation payable to S wasdependent on the date of redemption of the mortgage and at issue was whether the LT had jurisdiction to determine this date. "Held" that the LT has no jurisdicton to fix the date when an acquiring authority should have exercised their powers under the Compulsory Purchase Act 1965 s14 to purchase or redeem the interest of the mortgagee in the land. | ||
| 650 | _aCOMPENSATION | ||
| 650 | _aCOMPULSORY PURCHASE ACT 1965 S14 | ||
| 650 | _aCOMPULSORY PURCHASE ACT 1965 S15 | ||
| 650 |
_aCompulsory purchase _96228 |
||
| 650 | _aFREEHOLD INTEREST | ||
| 650 | _aLAND COMPENSATION ACT 1961 S1 | ||
| 650 | _aLAND COMPENSATION ACT 1961 S5 | ||
| 650 | _aMORTGAGE ARREARS | ||
| 690 | _aENVIRONMENTAL AND LAND CONSULTANCY-PLANNING AND DEVELOPMENT-COMPULSORY PURCHASE AND COMPENSATION | ||
| 942 | _n0 | ||
| 948 | _c22/06/1998 | ||
| 999 |
_c54751 _d54751 |
||